| Tag |
First Indicator |
Second Indicator |
Subfields |
| LEADER |
00000ctm a2200000Ia 4500 |
| 001 |
in00002397939 |
| 005 |
20151109054624.0 |
| 007 |
he bmb024baca |
| 007 |
cr bn| |
| 008 |
080225s2006 xx a bbm 000 0 eng d |
| 035 |
|
|
|a (OCoLC)ocn206914551
|
| 035 |
|
|
|a (OCoLC)206914551
|
| 037 |
|
|
|a PE 4821
|b Oregon Microform Publications in Sport and Human Performance
|
| 040 |
|
|
|a ORU
|c INT
|d INT
|d KSU
|d HPE
|d UtOrBLW
|
| 049 |
|
|
|a TXAM
|
| 090 |
|
|
|a GV350
|b .R45 2006a
|
| 092 |
|
|
|a 796.043068
|
| 100 |
1 |
|
|a Reifel Werner, Melody.
|
| 245 |
1 |
2 |
|a A case study of the use of risk management in NCAA compliance at a Division I institution /
|c by Melody Reifel Werner.
|
| 264 |
|
1 |
|a [Place of publication not identified] :
|b [publisher not identified] ;
|c 2006.
|
| 300 |
|
|
|a xv, 240 leaves :
|b illustrations
|
| 336 |
|
|
|a text
|b txt
|2 rdacontent
|
| 337 |
|
|
|a microform
|b h
|2 rdamedia
|
| 338 |
|
|
|a microfiche
|b he
|2 rdacarrier
|
| 502 |
|
|
|b Ed. D.
|c Eastern Michigan University
|d 2006
|
| 504 |
|
|
|a Includes bibliographical references (leaves 200-213).
|
| 530 |
|
|
|a Also available online (PDF file) by a subscription to the set or by purchasing the individual file.
|
| 533 |
|
|
|a Microfiche.
|b Eugene :
|c Oregon Microform Publications in Sport and Human Performance,
|d 2006.
|e 3 microfiches : negative.
|n "OMP 06 217--OMP 06 219."
|
| 500 |
|
|
|a Microform.
|
| 650 |
|
0 |
|a College sports
|z United States
|x Management
|v Case studies.
|
| 650 |
|
0 |
|a College sports
|x Law and legislation
|z United States
|v Case studies.
|
| 650 |
|
0 |
|a Risk management
|z United States
|v Case studies.
|
| 610 |
2 |
0 |
|a National Collegiate Athletic Association.
|b Division I.
|
| 948 |
|
|
|a cataloged
|b h
|c 2008/6/4
|d c
|e ceaton
|f 10:36:45 am
|
| 994 |
|
|
|a 92
|b TXA
|
| 999 |
|
|
|a MARS
|
| 999 |
f |
f |
|s c6319f6a-ab3f-36e3-a438-60d7b040f71d
|i 9bfcebf9-d53a-3c21-a592-c566618cbfa1
|t 0
|
| 952 |
f |
f |
|p normal
|a Texas A&M University
|b College Station
|c Sterling C. Evans Library
|d Evans: Microforms Fiche (3rd floor)
|t 0
|e GV350 .R45 2006a
|h Library of Congress classification
|i microform -- microfiche
|m A14830856501
|
| 998 |
f |
f |
|a GV350 .R45 2006a
|t 0
|l Evans: Microforms Fiche (3rd floor)
|